| 000 | 01871nam a2200385Ia 4500 | ||
|---|---|---|---|
| 001 | dia_6470 | ||
| 003 | CHAP | ||
| 005 | 20240507120533.0 | ||
| 007 | ta | ||
| 008 | 220117s2016 mx bdeof 001 0 spa d | ||
| 040 |
_cCHAP _amxchpua |
||
| 090 |
_aT.C.722 _bS26 EIUPA _c2016 |
||
| 245 | 1 | 0 |
_aEIUPA en Oxkutzcab, Yucatán : _bcítricos de la Península S. de P. R. de R. L. / _ccoordinadores Ofelia Sandoval Castilla y César Ramírez Santiago ; colaboradores Getsemany Barbosa Domínguez...[y otros] |
| 260 |
_aMéxico : _bEl autor, _c2016 |
||
| 300 |
_a98 hoja : _bilustraciones, tablas, gráficas, mapas, diagramas, planos, fotos |
||
| 336 |
_2rdacontent _atexto _btxt |
||
| 337 |
_2rdamedia _ano mediado _bn |
||
| 338 |
_2rdacarrier _avolumen _bnc |
||
| 500 | _aGrado: 7° año Grupo: 04 | ||
| 502 |
_aViaje de Estudios _b(EIUPA) -- _cUACh. Departamento de Ingeniería Agroindustrial, _d2016 |
||
| 504 | _aBibliografía: hojas 94-95 | ||
| 505 | 0 | 0 | _aContiene 6 planos : -- 1.Diagrama de bloques del proceso -- 2.Plano de distribución de áreas (Esc. 1:125) -- 3.Plano de distribución de equipo (Esc. 1:125) -- 4.Diagrama de flujo de proceso -- 5.Diagrama de tubería e instrumentación -- 6.Diagrama de recorrido (Esc. 1:125) |
| 650 | 1 | 3 |
_aFrutos cítricos _xIndustria y comercio _9159579 _zMéxico _zYucatán |
| 650 | 1 | 3 |
_aCitrus fruits _xIndustry and trade _9161573 _zMexico _zYucatán |
| 700 | 1 |
_aRamírez Santiago, César _994265 _ecoordinador |
|
| 700 | 1 |
_aSandoval Castilla, Ofelia _9151810 _ecoordinador |
|
| 700 |
_aBarbosa Domínguez, Gestsemany, colab. _9161574 |
||
| 856 | 4 | 2 |
_uhttp://10.13.5.2/ve/TC722EIUPA/TC722EIUPA2010-REPORTE.pdf _yDESCARGAR REPORTE |
| 901 | _aT.C.722 S26 EIUPA 2016 | ||
| 902 | _aM | ||
| 905 | _a5232272016 MX NMEL8223123322SPA16 | ||
| 942 | _2local | ||
| 942 | _cVE | ||
| 999 |
_c177575 _d177575 |
||